• 首页
  • 本馆介绍
  • 公告通知
  • 最新文献
  • 馆藏检索
  • 电子资源
  • 读者导购
  • 参考咨询
  • 我的图书馆
  • 登录
  • 详细信息显示
  • 放入我的书架
  • 预约/预借图书
  • 作者相关作品
  • 分类相关作品
  • 丛书相关作品
  • 出版社相关作品

书目信息

  • 表格格式
  • 工作单格式
  • 卡片格式
题名:
幸福生活绘
    
 
作者: 涂涂猫 编著
分册:   水彩也好玩
出版信息: 北京   人民邮电出版社  2013
页数: 144页
开本: 26cm
丛书名:
单 册:
中图分类: J21 , J215
科图分类:
主题词: 水彩画--绘画技法
电子资源:
ISBN: 978-7-115-33035-2
000 00754nam0 2200241 450
001 338727
005 20150603102302.40
010    @a978-7-115-33035-2@dCNY39.80
100    @a20131120d2013 em y0chiy50 ea
101 0  @achi
102    @aCN@b110000
105    @aa z 000yy
106    @ar
200 1  @a幸福生活绘@Axing fu sheng huo hui@i水彩也好玩@f涂涂猫编著
210    @a北京@c人民邮电出版社@d2013
215    @a144页@c图@d26cm
330    @a本书从简单的素描基础, 到可爱小物件的基本练习, 再到各种物件的组合绘画和美丽景色的描绘应有尽有。具体包括瓜果蔬菜、美食、植物、动物等。
606 0  @a水彩画@x绘画技法
690    @aJ21@v5
690    @aJ215@v5
701  0 @a涂涂猫@Atu tu mao@4编著
801  0 @aCN@b卓展宏图@c20150525
905    @dJ21@e688@f4
    
    幸福生活绘.水彩也好玩/涂涂猫编著.-北京:人民邮电出版社,2013
    144页:图;26cm
    
    
    ISBN 978-7-115-33035-2:CNY39.80
    本书从简单的素描基础, 到可爱小物件的基本练习, 再到各种物件的组合绘画和美丽景色的描绘应有尽有。具体包括瓜果蔬菜、美食、植物、动物等。
●
相关链接 在E读中查询图书 在五车中查询图书 在当当中查询图书 在豆瓣中查询图书


正题名:幸福生活绘     索取号:J21/688         预约/预借

序号 登录号 条形码 馆藏地/架位号 状态 备注
1 860283   208602831   第一样本阅览室/ [索取号:J21/688] 在馆    
2 860284   208602840   第一借阅区/ [索取号:J21/688] 在馆    
3 860285   208602859   第一借阅区/ [索取号:J21/688] 在馆    
4 860286   208602868   美术系资料室/ [索取号:J21/688] 在馆    
唐山师范学院图书馆 欢迎您!
大连网信软件有限公司© 版权所有